000
00296nam a22001217a 4500
020
_a
9788177225327
082
_2
22
_a
005.12
100
_a
Prasad, K.V.K.K.
245
_a
Software testing tools /
260
_a
New Delhi,
_b
Dreamtech,
_c
c2012.
300
_a
462p. ;
_b
ill. ;
_c
23 cm.
942
_2
ddc
_c
IT
_0
3
999
_c
602
_d
602